Detalles MARC
| 000 -LEADER |
| campo de control de longitud fija |
02107am aa2200313i 44500 |
| 003 - IDENTIFICADOR DE NÚMERO DE CONTROL |
| campo de control |
PE-LiUPU |
| 005 - FECHA Y HORA DE LA ÚLTIMA TRANSACCIÓN |
| campo de control |
20251013084339.0 |
| 008 - DATOS DE LONGITUD FIJA--INFORMACIÓN GENERAL |
| campo de control de longitud fija |
2010s2020 xx a rb 000 0 spa d |
| 020 ## - NÚMERO INTERNACIONAL ESTÁNDAR DEL LIBRO |
| Número Internacional Estándar del Libro |
9781393116004 |
| 035 ## - NÚMERO DE CONTROL DEL SISTEMA |
| Número de control de sistema |
PE-LiUPU000017 |
| 040 ## - FUENTE DE CATALOGACIÓN |
| Centro catalogador/agencia de origen |
PE-LiUPU |
| Lengua de catalogación |
spa |
| Centro/agencia transcriptor |
PE-LiUPU |
| Normas de descripción |
rda |
| 082 04 - NÚMERO DE LA CLASIFICACIÓN DECIMAL DEWEY |
| Número de clasificación |
618.3 |
| Cutter |
V677e |
| Número de edición |
23 |
| 100 ## - ENTRADA PRINCIPAL--NOMBRE DE PERSONA |
| Nombre de persona |
Vigil-De Gracia, Paulino, |
| Término indicativo de función/relación |
autor. |
| 9 (RLIN) |
7189 |
| 245 10 - MENCIÓN DEL TÍTULO |
| Título |
Embarazo de alto riesgo / |
| Mención de responsabilidad, etc. |
por Paulino Vigil-De Gracia. |
| 264 #1 - PRODUCCIÓN, PUBLICACIÓN, DISTRIBUCIÓN, FABRICACIÓN Y COPYRIGHT |
| Producción, publicación, distribución, fabricación y copyright |
[Panamá?] : |
| Nombre del de productor, editor, distribuidor, fabricante |
Paulino Vigil-De Gracia, |
| Fecha de producción, publicación, distribución, fabricación o copyright |
2020. |
| 300 ## - DESCRIPCIÓN FÍSICA |
| Extensión |
576 páginas : |
| Otras características físicas |
ilustraciones ; |
| Dimensiones |
28 cm. |
| 336 ## - TIPO DE CONTENIDO |
| Término de tipo de contenido |
texto |
| Fuente |
rdacontent |
| 337 ## - TIPO DE MEDIO |
| Nombre/término del tipo de medio |
sin mediación |
| Fuente |
rdamedia |
| 338 ## - TIPO DE SOPORTE |
| Nombre/término del tipo de soporte |
volumen |
| Fuente |
rdacarrier |
| 504 ## - NOTA DE BIBLIOGRAFÍA, ETC. |
| Nota de bibliografía, etc. |
Incluye referencias bibliográficas. |
| 505 0# - NOTA DE CONTENIDO CON FORMATO |
| Nota de contenido con formato |
Embarazo de alto riesgo -- Diagnóstico prenatal -- Ecografía obstétrica temprana -- Sangrados de la primera mitad del embarazo -- Sangrados de la segunda mitad del embarazo -- Inducción del trabajo de parto -- Vigilancia fetal anteparto e intraparto -- Complicaciones intraparto -- Infecciones perinatales -- Infecciones del tracto urinario y bacteriuria -- Restricción del crecimiento fetal -- Parto prematuro -- Ruptura prematura de membranas -- Embarazo en adolescentes -- Embarazo múltiple -- Obesidad y embarazo -- Diabetes y embarazo -- Hipertensión crónica y embarazo -- Preeclampsia-eclampsia -- Síndrome de HELLP -- Trastornos hematológicos y embarazo -- Cardiopatías y embarazo -- Trombofilias y embarazo -- Hígado graso agudo del embarazo -- Virus de Inmunodeficiencia Humana y embarazo -- Puerperio patológico -- Hemorragia post parto -- Periviabilidad neonatal -- Analgesia y anestesia obstétrica -- Mortalidad materna. |
| 650 14 - PUNTO DE ACCESO ADICIONAL DE MATERIA--TÉRMINO DE MATERIA |
| Término de materia o nombre geográfico como elemento de entrada |
Embarazo |
| Subdivisión general |
Complicaciones. |
| 9 (RLIN) |
7190 |
| 650 24 - PUNTO DE ACCESO ADICIONAL DE MATERIA--TÉRMINO DE MATERIA |
| Término de materia o nombre geográfico como elemento de entrada |
Obstetricia |
| Subdivisión general |
Enfermedades. |
| 9 (RLIN) |
7191 |
| 650 24 - PUNTO DE ACCESO ADICIONAL DE MATERIA--TÉRMINO DE MATERIA |
| Término de materia o nombre geográfico como elemento de entrada |
Salud materna |
| Subdivisión general |
Riesgos médicos. |
| 9 (RLIN) |
7192 |
| 650 24 - PUNTO DE ACCESO ADICIONAL DE MATERIA--TÉRMINO DE MATERIA |
| Término de materia o nombre geográfico como elemento de entrada |
Ginecoobstetricia. |
| 9 (RLIN) |
7193 |
| 856 40 - LOCALIZACIÓN Y ACCESO ELECTRÓNICOS |
| Identificador Uniforme de Recursos |
<a href="https://www.vigildegracia.com (si aplica, de tener sitio del autor)">https://www.vigildegracia.com (si aplica, de tener sitio del autor)</a> |
| Nota pública |
Sitio del autor (opcional). |
| 942 ## - ELEMENTOS DE ENTRADA SECUNDARIOS (KOHA) |
| Fuente del sistema de clasificación o colocación |
Clasificación Decimal Dewey |
| Tipo de ítem Koha |
Libros físicos |
| 980 ## - EQUIVALENCIA O REFERENCIA-CRUZADA-MENCIÓN DE SERIE--NOMBRE DE PERSONA/TÍTULO [LOCAL, CANADÁ] |
| ID del usuario creador del registro |
21515 |
| Nombre del creador del registro |
ROMINA COBOS Adquisiciones |
| ID del último usuario que modificó el registro |
18226 |
| Nombre del último usuario que modificó el registro |
Jaime Vilcazán Jefe de Análisis Documental |